A history of the country history of Cornwall / (Record no. 31187)
[ view plain ]
| 000 -LEADER | |
|---|---|
| fixed length control field | 01009cam a22002173 4500 |
| 001 - CONTROL NUMBER | |
| control field | 31187 |
| 003 - CONTROL NUMBER IDENTIFIER | |
| rucl marc code | BD-RjUL |
| 005 - DATE AND TIME OF LATEST TRANSACTION | |
| control field | 20211209051654.0 |
| 008 - FIXED-LENGTH DATA ELEMENTS--GENERAL INFORMATION | |
| fixed length control field | 140413s1924 enk|||| s 001 ||eng d |
| 035 ## - SYSTEM CONTROL NUMBER | |
| System control number | ( BD-RjUL)31274 |
| 040 ## - CATALOGING SOURCE | |
| Original cataloging agency | Uk-ES |
| Transcribing agency | Uk-ES |
| Modifying agency | Cu-RivES |
| -- | CStRLIN |
| -- | Thomson Gale |
| -- | BD-RjUL |
| Language of cataloging | eng |
| 041 ## - LANGUAGE CODE | |
| Language code of text/sound track or separate title | eng |
| 082 ## - DEWEY DECIMAL CLASSIFICATION NUMBER | |
| Classification number | 942 |
| Author mark and year | HIS 1924 |
| 245 14 - TITLE STATEMENT | |
| Title | A history of the country history of Cornwall / |
| Remainder of title | Edited by William Page The Domesday survey for cornwall introduction by L.F. Saizmann B.A. F.S.A. and others, Translattion of the text by the rev. canon Thomas taylor M.A. B.D. F.S.A. |
| Number of part/section of a work | Part 8, |
| Name of part/section of a work | Index. |
| 260 ## - PUBLICATION, DISTRIBUTION, ETC. (IMPRINT) | |
| Place of publication, distribution, etc. | London : |
| Name of publisher, distributor, etc. | The St. catherine Press, |
| Date of publication, distribution, etc. | 1924. |
| 300 ## - PHYSICAL DESCRIPTION | |
| Pagination | 113 p. ; |
| Illustrations | ill. ; |
| Size | 27cm. |
| 504 ## - BIBLIOGRAPHY, ETC. NOTE | |
| Bibliography, etc | Includes index. |
| 650 ## - SUBJECT ADDED ENTRY--TOPICAL TERM | |
| Topical term or geographic name as entry element | General history of Europe |
| 9 (RLIN) | 94846 |
| 856 40 - ELECTRONIC LOCATION AND ACCESS | |
| Uniform Resource Identifier | <a href="http://galenet.galegroup.com/servlet/ECCO?c=1&stp=Author&ste=11&af=BN&ae=T139226&tiPG=1&dd=0&dc=flc&docNum=CW109374688&vrsn=1.0&srchtp=a&d4=0.33&n=10&SU=0LRM&locID=oxford">http://galenet.galegroup.com/servlet/ECCO?c=1&stp=Author&ste=11&af=BN&ae=T139226&tiPG=1&dd=0&dc=flc&docNum=CW109374688&vrsn=1.0&srchtp=a&d4=0.33&n=10&SU=0LRM&locID=oxford</a> |
| Public note | Full text online |
| 942 ## - ADDED ENTRY ELEMENTS (KOHA) | |
| Source of classification or shelving scheme | Dewey Decimal Classification |
| Koha item type | Books |
| Lost status | Source of classification or shelving scheme | Damaged status | Not for loan | Collection code | Permanent Location | Current Location | Shelving location | Date acquired | Source of acquisition | Cost, normal purchase price | Total Checkouts | Full call number | Date last seen | Copy number | Koha item type |
|---|---|---|---|---|---|---|---|---|---|---|---|---|---|---|---|
| Dewey Decimal Classification | Not For Loan | Non-fiction | Central Library, University of Rajshahi | Central Library, University of Rajshahi | Reading Room | 23/06/1955 | O. U. P | 14.00 | 942 HIS P-8 1924 | 13/04/2014 | C-1 | Books |